Guía de referencia para el antilavado de activos y la lucha contral el financiamiento del terrorismo / (Registro nro. 5976)

Detalles MARC
000 -LEADER
fixed length control field 00960nam a2200241Ia 4500
003 - CONTROL NUMBER IDENTIFIER
control field OSt
005 - DATE AND TIME OF LATEST TRANSACTION
control field 20200806113016.0
008 - FIXED-LENGTH DATA ELEMENTS--GENERAL INFORMATION
fixed length control field 191128s2007 ck gr 000 0 spa d
020 ## - INTERNATIONAL STANDARD BOOK NUMBER
International Standard Book Number 9789588307244
040 ## - CATALOGING SOURCE
Original cataloging agency CO-JMCR
Transcribing agency CO-JMCR
041 0# - LANGUAGE CODE
Language code of text/sound track or separate title spa
082 04 - DEWEY DECIMAL CLASSIFICATION NUMBER
Classification number 364.168 /
Item number S136g
Edition number 23
100 1# - MAIN ENTRY--PERSONAL NAME
Personal name Allan Schott, Paul,
Relator term autor
9 (RLIN) 8479
245 10 - TITLE STATEMENT
Title Guía de referencia para el antilavado de activos y la lucha contral el financiamiento del terrorismo /
Statement of responsibility, etc. Paul Allan Schott
250 ## - EDITION STATEMENT
Edition statement Primera edición
260 ## - PUBLICATION, DISTRIBUTION, ETC.
Place of publication, distribution, etc. Bogotá :
Name of publisher, distributor, etc. Banco Mundial ; Mayol Ediciones,
Date of publication, distribution, etc. 2007.
300 ## - PHYSICAL DESCRIPTION
Extent 258 páginas ;
Dimensions 24 cm.
505 0# - FORMATTED CONTENTS NOTE
Formatted contents note El problema y la respuesta internacional -- El lavado de activos afecta el desarrollo -- Organismos internacionales emisores de estándares -- Organismos regionales y grupos relevantes
650 14 - SUBJECT ADDED ENTRY--TOPICAL TERM
Topical term or geographic name entry element Lavado de activos
9 (RLIN) 8368
650 24 - SUBJECT ADDED ENTRY--TOPICAL TERM
Topical term or geographic name entry element Acción financiera
9 (RLIN) 8480
650 24 - SUBJECT ADDED ENTRY--TOPICAL TERM
Topical term or geographic name entry element Sobre
General subdivision Lavado de activos
9 (RLIN) 8481
942 ## - ADDED ENTRY ELEMENTS (KOHA)
Source of classification or shelving scheme Dewey Decimal Classification
Koha item type Books
Existencias
Withdrawn status Lost status Source of classification or shelving scheme Materials specified (bound volume or other part) Damaged status Not for loan Home library Current library Shelving location Date acquired Source of acquisition Total Checkouts Full call number Barcode Date last seen Date last checked out Copy number Price effective from Koha item type
    Dewey Decimal Classification Donación--15/04/2018--     Biblioteca Pública José María del Castillo y Rada Biblioteca Pública José María del Castillo y Rada General Stacks 11/28/2019 Donación 1 364.168 / S136g 430011315 04/13/2026 04/13/2026 Ej.1 11/28/2019 Books